[Event "Olympiad-33"]
[Site "Elista"]
[Date "1998.10.09"]
[Round "10.2"]
[White "Al Rachib, Abdullah"]
[Black "Krakops, Maris"]
[Result "0-1"]
[WhiteElo "2350"]
[BlackElo "2510"]
[PlyCount "94"]
[EventDate "1998.09.29"]
[EventType "team-swiss"]
[EventRounds "13"]
[EventCountry "RUS"]
[SourceTitle "CBM 068"]
[Source "ChessBase"]
[SourceDate "1999.02.01"]
[SourceVersion "1"]
[SourceVersionDate "1999.02.01"]
[SourceQuality "1"]
[WhiteTeam "Bangladesh"]
[BlackTeam "Latvia"]
[WhiteTeamCountry "BAN"]
[BlackTeamCountry "LAT"]

1. d4 Nf6 2. Nf3 g6 3. Nc3 d5 4. Bf4 Bg7 5. e3 c6 6. Be2 Bg4 7. Ne5 Bxe2 8. Qxe2 Nh5 9. Bg5 Nd7 10. f4 f6 11. Nxd7 Qxd7 12. Bh4 f5 13. 0-0 0-0 14. Kh1 Rac8 15. Na4 b6 16. c4 c5 17. Nc3 dxc4 18. Qxc4+ e6 19. d5 exd5 20. Nxd5 Kh8 21. Rad1 Qb7 22. Qb5 c4 23. Nc3 a6 24. Qd5 Qxd5 25. Rxd5 b5 26. a3 Nf6 27. Rd6 a5 28. Rb6 Rb8 29. Rxb5 Ne4 30. Rxb8 Rxb8 31. Nxe4 fxe4 32. Rc1 Rxb2 33. h3 c3 34. Be1 Rb3 35. a4 Kg8 36. Kg1 Kf7 37. Kf1 Ke6 38. Ke2 Ra3 39. g4 Kd5 40. Rd1+ Kc6 41. f5 gxf5 42. gxf5 Bf6 43. Bg3 Ra2+ 44. Ke1 c2 45. Rc1 Bc3+ 46. Ke2 Bb4 47. f6 Kd7 0-1

[Event "Olympiad-33"]
[Site "Elista"]
[Date "1998.10.03"]
[Round "5.2"]
[White "Nikolaidis, Ioannis"]
[Black "Al Rachib, Abdullah"]
[Result "1-0"]
[WhiteElo "2530"]
[BlackElo "2350"]
[PlyCount "75"]
[EventDate "1998.09.29"]
[EventType "team-swiss"]
[EventRounds "13"]
[EventCountry "RUS"]
[SourceTitle "CBM 068"]
[Source "ChessBase"]
[SourceDate "1999.02.01"]
[SourceVersion "1"]
[SourceVersionDate "1999.02.01"]
[SourceQuality "1"]
[WhiteTeam "Greece"]
[BlackTeam "Bangladesh"]
[WhiteTeamCountry "GRE"]
[BlackTeamCountry "BAN"]

1. Nf3 d5 2. g3 c6 3. Bg2 Bg4 4. 0-0 Nd7 5. d3 Ngf6 6. Nbd2 e6 7. b3 Bd6 8. Bb2 0-0 9. Qe1 Re8 10. h3 Bh5 11. e4 e5 12. a3 a5 13. Nh4 dxe4 14. dxe4 a4 15. b4 b5 16. f4 exf4 17. gxf4 Rc8 18. e5 Bf8 19. Qg3 Nd5 20. Kh1 Ne3 21. Qxe3 Qxh4 22. c4 bxc4 23. Nxc4 Bg4 24. Qe1 Qxe1 25. Rfxe1 Be6 26. Rac1 c5 27. b5 Bxc4 28. Rxc4 Nb6 29. Rc2 g6 30. f5 gxf5 31. Rg1 Bg7 32. e6 fxe6 33. Bxg7 Kxg7 34. Bc6+ Kf6 35. Bxe8 Rxe8 36. Rxc5 e5 37. Rc6+ Re6 38. Rgc1 1-0

[Event "Olympiad-31"]
[Site "Moscow"]
[Date "1994.12.09"]
[Round "8.4"]
[White "Al Rachib, Abdullah"]
[Black "Prie, Eric"]
[Result "0-1"]
[WhiteElo "2130"]
[BlackElo "2475"]
[PlyCount "98"]
[EventDate "1994.12.01"]
[EventType "team-swiss"]
[EventRounds "14"]
[EventCountry "RUS"]
[SourceTitle "CBM 045"]
[Source "ChessBase"]
[SourceDate "1995.04.01"]
[SourceVersion "1"]
[SourceVersionDate "1995.04.01"]
[SourceQuality "1"]
[WhiteTeam "Bangladesh"]
[BlackTeam "France"]
[WhiteTeamCountry "BAN"]
[BlackTeamCountry "FRA"]

1. d4 d5 2. c4 e6 3. Nc3 c6 4. e3 Nf6 5. Nf3 Nbd7 6. Bd3 Bd6 7. 0-0 0-0 8. Re1 e5 9. cxd5 cxd5 10. e4 exd4 11. Nxd5 Nxd5 12. exd5 Bc5 13. Bg5 Qb6 14. Rb1 h6 15. b4 hxg5 16. bxc5 Qxc5 17. Nxg5 Nf6 18. Rb5 Qc3 19. Ne4 Nxe4 20. Bxe4 Bg4 21. Qb1 Rfe8 22. Rc1 Qd2 23. f3 Rac8 24. Rf1 Bd7 25. Rxb7 Ba4 26. Qd3 Qxd3 27. Bxd3 Bc2 28. d6 Bxd3 29. d7 Bxf1 30. dxc8Q Rxc8 31. Kxf1 Rc4 32. Ke2 Rc2+ 33. Kd3 Rxa2 34. Kxd4 Rxg2 35. Rxa7 Rxh2 36. Ke5 Rh4 37. f4 g6 38. Ra8+ Kg7 39. Ra7 Rh5+ 40. Ke4 Rf5 41. Rb7 Kh6 42. Rb1 Ra5 43. Kf3 Ra3+ 44. Kg4 f5+ 45. Kh4 Rf3 46. Rb4 Rf1 47. Ra4 Rg1 48. Kh3 Rg4 49. Rb4 Kh5 0-1

[Event "Olympiad-31"]
[Site "Moscow"]
[Date "1994.12.08"]
[Round "7.4"]
[White "Al Rachib, Abdullah"]
[Black "Martin, David"]
[Result "1/2-1/2"]
[WhiteElo "2130"]
[BlackElo "2045"]
[PlyCount "47"]
[EventDate "1994.12.01"]
[EventType "team-swiss"]
[EventRounds "14"]
[EventCountry "RUS"]
[SourceTitle "CBM 045"]
[Source "ChessBase"]
[SourceDate "1995.04.01"]
[SourceVersion "1"]
[SourceVersionDate "1995.04.01"]
[SourceQuality "1"]
[WhiteTeam "Bangladesh"]
[BlackTeam "Wales"]
[WhiteTeamCountry "BAN"]
[BlackTeamCountry "WLS"]

1. d4 Nf6 2. Bg5 c5 3. Bxf6 gxf6 4. d5 Qb6 5. Qc1 f5 6. g3 Bg7 7. c3 e5 8. Bh3 d6 9. Nf3 Na6 10. Nh4 Nc7 11. Bxf5 Nxd5 12. Bxc8 Rxc8 13. Nf5 Bf8 14. Qd2 Qc6 15. 0-0 Nb6 16. Qg5 Qd7 17. Nd2 Qe6 18. Ne4 h6 19. Qg4 Rc6 20. Ng7+ Bxg7 21. Qxg7 Rf8 22. Nf6+ Ke7 23. Ng8+ Ke8 24. Nf6+ 1/2-1/2